| 000 | 01031nam a2200349 a 4500 | ||
|---|---|---|---|
| 001 | vtls000183885 | ||
| 003 | NLI | ||
| 005 | 20210602111150.0 | ||
| 008 | 101125s2006 si a 001 0 eng | ||
| 020 |
_a9780470821770 : _cUSD 90.00 |
||
| 020 | _a0470821779 | ||
| 039 | 9 |
_y201011252215 _zVLOAD |
|
| 040 |
_aNLI _beng _cDatasoft 1 _eAACR2 |
||
| 041 | 0 | _aeng | |
| 044 | _asi | ||
| 082 | 0 | 4 | _a332.63 |
| 100 | 1 |
_aChoudhry, Moorad _9357744 |
|
| 245 | 1 | 0 |
_aCorporate bond markets : _binstruments and applications / _cMoorad Choudhry |
| 260 |
_aSingapore : _bJohn Wiley, _c2006 |
||
| 300 |
_axvii, 788 p. : _bill. ; _c24 cm. |
||
| 440 | 4 |
_aThe Moorad Choudhry finance series _9358422 |
|
| 440 | 0 |
_a[Wiley finance]. _9358423 |
|
| 500 | _aIncludes index | ||
| 650 | 0 |
_aBonds _91921 |
|
| 650 | 0 |
_aBond market _9345810 |
|
| 650 | 0 |
_aCorporations _xFinance _985 |
|
| 887 | _a | ||
| 901 |
_a555069 _b16.01.2007 |
||
| 902 | _aE 332.63 C 457 | ||
| 942 |
_2ddc _cBKS |
||
| 949 |
_AVIRTUAITEM _D10000 _X100 _6PUR000555069ENG |
||
| 999 |
_aVIRTUA40 _c190263 _d190263 |
||